| 000 | 00875nam a22002417a 4500 | ||
|---|---|---|---|
| 005 | 20100813133642.0 | ||
| 010 | _aENG-99890 | ||
| 020 |
_a8177354272 _c50.00 |
||
| 020 |
_a9788177354270 _c50.00 |
||
| 035 | _a83422 | ||
| 037 | _bDBAD/PUB | ||
| 082 | _a380.50954 | ||
| 100 |
_aSaravanakumar, M. _912618 |
||
| 245 |
_aTransport economics in India / _cby M. Saravanakumar |
||
| 260 |
_aChennai _bPavai Publications _c2008 |
||
| 270 |
_a142, Jani Jan Khan Road Royapettah _bChennai _e600014 |
||
| 300 |
_aviii, 128p. _c21cm (pbk) |
||
| 500 | _aincludes bibliographical references | ||
| 650 |
_aTransportation and state _912619 |
||
| 650 |
_aTransportation _xFinance _912620 |
||
| 942 |
_2ddc _cEN _h380.50954 _mSAR |
||
| 999 |
_c41617 _d41617 |
||